00811nam a22001817a 450000500170000000800410001702000150005805000210007310000310009424501930012525000110031826001450032930000280047450000060050250400290050865100380053765100540057520251015145100.0251015b ck ||||| |||| 00| 0 spa d a958806015X04aHC197 bS27 20001 aSarmiento Palacio, Eduardo10aCómo construir una nueva organización económica b : la inestabilidad estructural del modelo neoliberal b : elementos para un Estado estratégico c / Eduardo Sarmiento Palacio. a1a ed. aSantafé de Bogotá, Colombia :bAcademia Colombiana de Ciencias Económicas :bEscuela Colombiana de Ingeniería :bOveja Negra, c2000 a366 p. :bil. ;c24 cm. a  a Incluye bibliografías 4aColombia xPolítica económica 72lembaColombia xCondiciones económicas y1970-